000 01188cam a22003011a 4500
001 gs 28000344
003 DLC
005 20260227111333.0
008 750917s1928 ctuaf b s001 0 eng
010 _ags 28000344
035 _a(OCoLC)1630199
040 _aDLC
_cCtHT
_dOCoLC
_dCSfA
_dDLC
042 _apremarc
043 _an-us-ct
050 0 0 _aQK151
_b.E5
100 1 _aEnnis, Beulah.
245 1 4 _aThe life forms of Connecticut plants and their significance in relation to climate /
_cby Beulah Ennis.
260 _aHartford :
_bState Geological and Natural History Survey,
_c1928.
300 _a100, vii p., 20 p. of plates :
_bill. ;
_c23 cm.
490 1 _aBulletin / State Geological and Natural History Survey ;
_vno. 43
440 0 _aState of Connecticut public document ;
_vno. 47
500 _aOriginally presented as the author's thesis (Ph. D.--Yale University, 1925).
504 _aIncludes bibliographical references (p. 93-94) and index.
650 0 _aPlants
_zConnecticut.
650 0 _aPlant ecology
_zConnecticut.
650 0 _aVegetation and climate
_zConnecticut.
830 0 _aBulletin (State Geological and Natural History Survey of Connecticut) ;
_v43.
999 _c26666
_d26666